logo

Bir Sreshtho Munshi Abdur Rouf Library
Jhenaidah Cadet College

চতুর্থ শিল্পবিপ্লব ও বাংলাদেশ / (Record no. 11708)

MARC details
000 -LEADER
fixed length control field 00792nam a2200241 a 4500
001 - CONTROL NUMBER
JCCL Control Number 11708
003 - CONTROL NUMBER IDENTIFIER
JCCL marc code BD-JhCC
005 - DATE AND TIME OF LATEST TRANSACTION
control field 20251211125726.0
008 - FIXED-LENGTH DATA ELEMENTS--GENERAL INFORMATION
fixed length control field 200726b2020 bg a|||| ||a| 000 0 ben d
020 ## - INTERNATIONAL STANDARD BOOK NUMBER
International Standard Book Number 9789849266266
035 ## - SYSTEM CONTROL NUMBER
system control number (BD-JhCC)11708
040 ## - CATALOGING SOURCE
Original cataloging agency BD-JhCC
Modifying agency BD-JhCC
041 ## - LANGUAGE CODE
Language code of Book ben
082 ## - DEWEY DECIMAL CLASSIFICATION NUMBER
Classification number 330.95492
Author mark and Year TAI 2020
100 ## - MAIN ENTRY--PERSONAL NAME
Personal name তৈয়্যব, ফয়েজ আহমদ
245 ## - TITLE STATEMENT
Title চতুর্থ শিল্পবিপ্লব ও বাংলাদেশ /
Statement of responsibility, etc ফয়েজ আহমদ তৈয়্যব ।
260 ## - PUBLICATION, DISTRIBUTION, ETC. (IMPRINT)
Place of publication, distribution, etc ঢাকা:
Name of publisher, distributor, etc আদর্শ;
Date of publication, distribution, etc ২০২০.
300 ## - PHYSICAL DESCRIPTION
Pagination 333 p. :
Other physical details ill;
Dimensions 22 cm.
650 ## - SUBJECT ADDED ENTRY--TOPICAL TERM
Topical term or geographic name as entry element Economic History
650 ## - SUBJECT ADDED ENTRY--TOPICAL TERM
Topical term or geographic name as entry element Economic development
Geographic subdivision Bangladesh
-- South Asia
942 ## - ADDED ENTRY ELEMENTS (KOHA)
Source of classification or shelving scheme Dewey Decimal Classification
Koha item type Books
Holdings
Source of classification or shelving scheme Damaged status Not for loan Collection code Home library Current library Shelving location Date of accession Cost, normal purchase price Full call number Barcode Date last seen Copy number Method of acquisition Koha item type Currency Total Checkouts Date checked out
Dewey Decimal Classification     Non-fiction JCC Rouf Library JCC Rouf Library General Stacks 07/26/2020 480.00 330.95492 TAI 2020 15765 07/26/2020 C-1 Purchase Books BDT    
Dewey Decimal Classification     Non-fiction JCC Rouf Library JCC Rouf Library General Stacks   20359.00 330.95492 TAI 2020 20359 12/20/2025 C-2 Purchase Books BDT 1 12/20/2025

JCC Library | Contacts | JCC Home

Last Update on 23 September 2017
Copyright @ 2017-2020 JCC Rouf Library
Rouf Library, Jhenidah Cadet College (JCC), Bangladesh